| 000 | 00436nam a22001697a 4500 | ||
|---|---|---|---|
| 003 | NUST - PNEC | ||
| 005 | 20170116181037.0 | ||
| 008 | 150917b xxu||||| |||| 00| 0 eng d | ||
| 020 | _a0070065675 | ||
| 040 | _cLIBRARY | ||
| 082 | _a621.4023 BOR | ||
| 100 |
_911494 _aBorman, Gary L. |
||
| 245 |
_aCombustion engineering _cGary L. Borman |
||
| 260 | _cc.1998 | ||
| 650 |
_910798 _aCombustion engineering _xGeneral |
||
| 942 |
_2ddc _cBK |
||
| 999 |
_c68008 _d68008 |
||